000 01355nam a2200325 i 4500
003 EG-GICUC
005 20260329175409.0
008 260329s1947 ne ||||fr|||| 00| 0 eng d
040 _aEG-GiCUC
_cEG-GiCUC
_dEG-GiCUC
_erda
082 0 4 _221
_a341.23
_bIN.C
092 0 4 _221
099 _aLaw1 11 341.23 IN.C 2ed - 1947
110 _kInternational Court of Justice
_eAuthor.
245 _aCharter Of The United Nations, Statute And Rules Of Court :
_bAnd Other Constitutional Documents /
_cInternational Court of Justice .
246 1 _aCharte Des Nations Unies, Statut, Règlement :
_bEt Autres Textes Constitutionnels .
250 _a2ed.
264 _aNether land :
_bInternational Court of Justice ,
_c1947 .
300 _a141 pages ,
_c24 cm
336 _2rda content
_atext
337 _2rda media
_aComputer
338 _2rda carrier
_aOnline Resource
490 _aSeries D : Act and Documents Concerning the Organization of the Court .
_vNo.1
500 _aThe Book is Written by two languages France and English each page is Translated to the other language at the page IN front of it . Includes Index Pages 104-141.
546 _aParallel text in French and English
650 1 _aUnited Nations
651 1 _2qrmak
856 4 0 _uhttps://fll.law.cu.edu.eg/fulltext/bks/B11-08777.pdf
905 _a60
942 _2ddc
_cBK
_e21
_n0
999 _c67305
_d67305